| 000 | 01041cam a22002054a 4500 | ||
|---|---|---|---|
| 005 | 20250605163922.0 | ||
| 008 | 250528s ||||||||||||||||||||||||d | ||
| 035 | _a14422 | ||
| 020 | _a863776353 | ||
| 040 |
_aGR-AtMCL _bgre _dGR-AtMCL _eAACR2 |
||
| 245 | 1 | _aMemory and Amnesia / An Introduction: Second Edition | |
| 250 | _a2nd | ||
| 260 |
_bPsychology Press, _c2006 |
||
| 300 | _a246 | ||
| 520 | _aThis book provides a clear and comprehensive account of amnesia set in the context of our understanding of how normal memory operates. Preface, Acknowledgements, The Nature of Memory, A Model of Memory, Beyond the Multistore Model, Remembering and Forgetting, Improving Memory, Memory Disorders, Assessment of Memory Disorders, The Amnesic Syndrome, Memory and the Frontal Lobes, Ageing and Dementia, Transient Disorders of Memory, Psychogenic Disorders of Memory, Remediation, Suggestions for Further Reading, References, Name and Subject Index. | ||
| 700 | 1 |
_aParkin Alan J _976 |
|
| 942 | _cBK | ||
| 999 |
_c55 _d55 |
||